000
00319nam a22001337a 4500
020
_a
0070577137
082
_a
330
100
_a
Linda Wilson
245
_a
Test Bank to Accompany Schiller The Economy Today
250
_a
7th ed.
260
_a
New York
_b
The McGraw-Hill Company
_c
1997
300
_a
616p
942
_c
BK
999
_c
3248
_d
3248